Logos of UEFA Euro 2024 Countries - Statistics

General Stats
  • This quiz has been taken 4,827 times
    3,602 since last reset
  • The average score is 20 of 24
Answer Stats
Picture Answer % Correct
Spain
98%
Albania
96%
Belgium
93%
Italy
93%
Croatia
92%
England
92%
France
91%
Germany
91%
Portugal
91%
Netherlands
90%
Turkey
90%
Austria
88%
Slovakia
85%
Ukraine
85%
Scotland
83%
Poland
82%
Denmark
80%
Hungary
80%
Slovenia
80%
Romania
77%
Serbia
72%
Switzerland
72%
Czech Republic
69%
Georgia
66%
No matching quizzes found
Score Distribution
Percent of People with Each Score
Percentile by Number Answered
Your Score History
You have not taken this quiz since the last reset